Minnesota Timberwolves Best Team By Decade - Statistics

General Stats
  • This quiz has been taken 125 times
    63 since last reset
  • The average score is 10 of 18
Answer Stats
Season Player % Correct
2017-18, 2023-24 Karl-Anthony Towns
100%
2023-24 Anthony Edwards
98%
1997-98, 2003-04 Kevin Garnett
96%
2023-24 Rudy Gobert
96%
2023-24 Mike Conley
88%
2003-04 Sam Cassell
88%
2017-18 Andrew Wiggins
80%
2023-24 Jaden McDaniels
78%
2017-18 Jimmy Butler
70%
2003-04 Latrell Sprewell
54%
2017-18 Jeff Teague
50%
1997-98 Stephon Marbury
36%
2003-04 Ervin Johnson
32%
2017-18 Taj Gibson
30%
1997-98 Sam Mitchell
16%
1997-98 Anthony Peeler
14%
2003-04 Trenton Hassell
10%
1997-98 Stanley Roberts
6%
No matching quizzes found
Score Distribution
Percent of People with Each Score
Percentile by Number Answered
Your Score History
You have not taken this quiz since the last reset